Child Psychology : Growth and development / (Record no. 63973)

MARC details
000 -LEADER
fixed length control field 00431nam a22001457a 4500
005 - DATE AND TIME OF LATEST TRANSACTION
control field 20180730102015.0
020 ## - INTERNATIONAL STANDARD BOOK NUMBER
International Standard Book Number 817487416X
Terms of availability 650.00
035 ## - SYSTEM CONTROL NUMBER
System control number B-220719, B-220718
037 ## - SOURCE OF ACQUISITION
Stock number DPL
Source of stock number/acquisition ENG
100 ## - MAIN ENTRY--PERSONAL NAME
Personal name Singh, Nishant
245 ## - TITLE STATEMENT
Title Child Psychology : Growth and development /
Statement of responsibility, etc by Nishant Singh
260 ## - PUBLICATION, DISTRIBUTION, ETC. (IMPRINT)
Place of publication, distribution, etc New Delhi
Name of publisher, distributor, etc Radha Publications
Date of publication, distribution, etc 2005
300 ## - PHYSICAL DESCRIPTION
Extent v, 316p.
Dimensions 20 cms.
942 ## - ADDED ENTRY ELEMENTS (KOHA)
Source of classification or shelving scheme Dewey Decimal Classification
Item type English Books
Classification part 155.4
Call number suffix NIS
Holdings
Withdrawn status Lost status Not for loan Collection code Home library Current library Date acquired Cost, normal purchase price Full call number Barcode Cost, replacement price Koha item type Source of acquisition
      Non-fiction Patel Nagar Patel Nagar 30/07/2018 650.00 155.4 NIS B-220718 650.00 English Books BPPD/Pub
      Non-fiction Sarojini Nagar Sarojini Nagar 12/03/2012 650.00 155.4 NIS B-220719 650.00 English Books  

© Delhi Public Library
Hit Counter
free hit counter